| 000 | 00413nam a2200109Ia 4500 | ||
|---|---|---|---|
| 008 | 230320s9999||||xx |||||||||||||| ||spa|| | ||
| 082 | _aTMI/2007/2 | ||
| 100 | _aLoayza Flores, Luz Sabina | ||
| 245 | 0 | _aDiseño De Un Modelo De Diseño Curricular Para El Programa Educación Básica Alternativa De Jóvenes Y Adultos Del Intermedio, En El Marco Del Paradigma Socio Cognitivo | |
| 260 | _bLima 2007 | ||
| 942 |
_80 _cLIB |
||
| 999 |
_c47549 _d47549 |
||